<?xml version="1.0" encoding="UTF-8"?>
<marc:record xmlns:marc="http://www.loc.gov/MARC21/slim">
   <marc:leader>00000nam a2200000 a 4500</marc:leader>
   <marc:datafield ind1="1" ind2=" " tag="100">
      <marc:subfield code="a">Carlyle, Robert</marc:subfield>
   </marc:datafield>
   <marc:datafield ind1="1" ind2=" " tag="100">
      <marc:subfield code="a">Gilmore, Jared S.</marc:subfield>
   </marc:datafield>
   <marc:datafield ind1="1" ind2=" " tag="100">
      <marc:subfield code="a">Morrison, Jennifer</marc:subfield>
   </marc:datafield>
   <marc:datafield ind1=" " ind2=" " tag="653">
      <marc:subfield code="a">Märchen</marc:subfield>
   </marc:datafield>
   <marc:datafield ind1=" " ind2=" " tag="653">
      <marc:subfield code="a">Fantasy</marc:subfield>
   </marc:datafield>
   <marc:datafield ind1="0" ind2="0" tag="245">
      <marc:subfield code="a">Once upon a time</marc:subfield>
   </marc:datafield>
   <marc:datafield ind1="0" ind2="0" tag="245">
      <marc:subfield code="b">es war einmal...</marc:subfield>
   </marc:datafield>
   <marc:datafield ind1=" " ind2="1" tag="264">
      <marc:subfield code="b">abc studios</marc:subfield>
      <marc:subfield code="c">2017</marc:subfield>
   </marc:datafield>
   <marc:datafield ind1="1" ind2=" " tag="490">
      <marc:subfield code="a">Once upon a time</marc:subfield>
      <marc:subfield code="v">4</marc:subfield>
   </marc:datafield>
   <marc:datafield ind1="1" ind2=" " tag="520">
      <marc:subfield code="a">Liebe, so verführerisch und mächtig wie Magie, erweist sich als die ultimative Waffe im epischen Kampf zwischen Gut und Böse. Kurz nachdem Emma und Hook Elsa aus Arendelle nach Storybrooke gebracht haben, treffen sie auf die mysteriöse Schneekönigin, deren unerbittliche Besessenheit von Emma und Elsa eisige Konsequenzen für sie hat. Als Regina endlich ihre wahre Liebe in den Armen Robin Hoods gefunden hat, muss sie erneut durch eine böse Wendung des Schicksals erfahren, dass ihr langerwartetes Happy End in Gefahr ist. Auch das verbannte Rumpelstilzchen möchte die Geschichte zu seinen Gunsten neu schreiben und ruft zu einer mächtigen Allianz mit den Königinnen der Dunkelheit Malefi cent, Ursula und Cruella De Vil aus.</marc:subfield>
   </marc:datafield>
   <marc:datafield ind1=" " ind2=" " tag="020">
      <marc:subfield code="a">8717418474072</marc:subfield>
      <marc:subfield code="9">8717418474072</marc:subfield>
   </marc:datafield>
   <marc:datafield ind1="0" ind2=" " tag="490">
      <marc:subfield code="v">0</marc:subfield>
   </marc:datafield>
   <marc:datafield ind1=" " ind2=" " tag="300">
      <marc:subfield code="a">DVD (246 Min.)</marc:subfield>
   </marc:datafield>
</marc:record>
